| 000 | 02088nam a2200253Ia 4500 | ||
|---|---|---|---|
| 003 | Ost | ||
| 005 | 20260507074916.0 | ||
| 008 | 260507s9999||||xx |||||||||||||| ||und|| | ||
| 040 | _cfsecg | ||
| 041 | _aara | ||
| 082 | _a658.8 | ||
| 100 |
_aالصميدعي، محمود جاسم _eمؤلف |
||
| 245 | 0 |
_aإدارة التسويق مفاهيم وأسس / _c محمود جاسم الصميدعي |
|
| 260 |
_aعمان: _bدار المناهج, _c2006 |
||
| 300 |
_a334 صفحة؛ _bإيضاحات ؛ _c24 سم |
||
| 504 | _aببليوغرافيا: ص.327 | ||
| 520 | _aيهتم هذا الكتاب بإدارة النشاطات التسويقية من خلال إبراز الوظائف الإدارية من تحليل وتخطيط وتنظيم وتوجية ورقابة والمدخل المعتمد في هذا الكتاب هو مدخل استراتيجي وكيفية تطبيق العملية الأدارية في نشاط التسويق فقد تم اعداد هذا الكتاب ليكون أحد المراجع العلمية المتقدمة للطلبة سواء في دراستهم العليا وللباحثين في التسويق حيث تكون من الفصول التالية : التسويق المفهوم والتطور، تخطيط وتنظيم عملية التسويق، استخدام بعض النماذج السلوكية في تفسير سلوك المستهلك، ادارة المنتجات، ادارة تخطيط وتطوير المنتجات الجديدة، ادارة عملية التسعير، ادارة الترويج والبيع الشخصي والعملية البيعية، ادارة التوزيع، دور نظام المعلومات في العملية التسويقية، مشكلات التسويق في منظمات الأعمال العربية وسبل معالجتها | ||
| 653 | _aالادارة | ||
| 653 | _aالتخطيط | ||
| 653 | _aالتسويق | ||
| 653 | _aنظم المعلومات- المؤسسة الممتدة | ||
| 700 |
_aردينة، عثمان يوسف _eمؤلف ثانوي |
||
| 942 | _cكتاب | ||
| 999 |
_c41767 _d41767 |
||